| 000 -LEADER |
| fixed length control field |
00619cam a2200205 i 4500 |
| 003 - CONTROL NUMBER IDENTIFIER |
| control field |
OSt |
| 005 - DATE AND TIME OF LATEST TRANSACTION |
| control field |
20240117164437.0 |
| 008 - FIXED-LENGTH DATA ELEMENTS--GENERAL INFORMATION |
| fixed length control field |
150610s2014 enka 001 0 eng |
| 020 ## - INTERNATIONAL STANDARD BOOK NUMBER |
| International Standard Book Number |
9781910596005 |
| Qualifying information |
(cloth) |
| 042 ## - AUTHENTICATION CODE |
| Authentication code |
pcc |
| 082 04 - DEWEY DECIMAL CLASSIFICATION NUMBER |
| Classification number |
747 |
| Edition number |
23 |
| 245 00 - TITLE STATEMENT |
| Title |
Elements of Neo-Classical Style / |
| Statement of responsibility, etc |
edited by Darren Du. |
| 260 ## - PUBLICATION, DISTRIBUTION, ETC. (IMPRINT) |
| Place of publication, distribution, etc |
London : |
| Name of publisher, distributor, etc |
Design Media Publishing (UK) Limited, |
| Date of publication, distribution, etc |
Feb. 2015. |
| 300 ## - PHYSICAL DESCRIPTION |
| Extent |
335 pages : |
| Other physical details |
color illustrations ; |
| Dimensions |
29 cm |
| 504 ## - BIBLIOGRAPHY, ETC. NOTE |
| Bibliography, etc |
Includes index. |
| 650 #0 - SUBJECT ADDED ENTRY--TOPICAL TERM |
| Topical term or geographic name as entry element |
Interior decoration |
| Chronological subdivision |
21st century. |
| 650 #0 - SUBJECT ADDED ENTRY--TOPICAL TERM |
| Topical term or geographic name as entry element |
Interior decoration |
| General subdivision |
History. |
| 700 1# - ADDED ENTRY--PERSONAL NAME |
| Personal name |
Du, Darren. |
| 942 ## - ADDED ENTRY ELEMENTS (KOHA) |
| Source of classification or shelving scheme |
|